Realidad Nacional: boletín /
Đã lưu trong:
| Tác giả của công ty: | |
|---|---|
| Định dạng: | Sách |
| Ngôn ngữ: | Spanish |
| Được phát hành: |
San José, Costa Rica:
El Ministerio
|
| Những chủ đề: | |
| Các nhãn: |
Thêm thẻ
Không có thẻ, Là người đầu tiên thẻ bản ghi này!
|
MARC
| LEADER | 00000nam a22000007a 4500 | ||
|---|---|---|---|
| 003 | cru CIDCACS/IIS | ||
| 005 | 20230606081210.0 | ||
| 008 | 230606b |||||||| |||| 00| 0 spa d | ||
| 022 | |a 1659-3456 | ||
| 040 | |c cru CIDCACS/IIS | ||
| 090 | |a REV1697 | ||
| 110 | |9 157 |a Costa Rica. |b Ministerio de Planificación Nacional y Política Económica | ||
| 245 | 1 | |a Realidad Nacional: |b boletín / |c Ministerio de Planificación Nacional y Política Económica | |
| 260 | |a San José, Costa Rica: |b El Ministerio | ||
| 270 | |a Edificio Adriático, 200 mts norte de la Subarú, Barrio Dent, San Pedo de Montes de Oca. |c San José |d Costa Rica |e Apdo Postal 10127-100 |z www.midepla.go.cr | ||
| 500 | |a EXISTENCIAS : 2008 2(3) | ||
| 500 | |a Colección Centroamérica | ||
| 650 | 0 | |9 4911 |a GOBIERNO | |
| 650 | 0 | |9 7477 |a FINANZAS PUBLICAS | |
| 650 | 0 | |9 341 |a MEDIO AMBIENTE | |
| 650 | 0 | |9 2165 |a CONDICIONES ECONOMICAS | |
| 650 | 0 | |9 533 |a CONDICIONES SOCIALES | |
| 942 | |2 ddc |c PP | ||
| 999 | |c 45044 |d 45044 | ||
